000 00272nam a22001217a 4500
008 181102b xxu||||| |||| 00| 0 eng d
041 _aeng
080 _a101
100 _a24
101 _aFIL
245 _aArgument and Inference
_cCardwell,Ch.E
942 _2udc
_cBK
999 _c51764
_d51764